Catalog

Record Details

Catalog Search



Otevřená společnost a její nepřátelé. 1, Uhranutí Platónem / K. R. Popper ; [z angl. orig. přel. Miloš Calda]

Summary:

Studie dokazuje, že jednou z příčin zkázy společnosti je nekritické uctívání velkých osobností.

Record details

  • ISBN: 80-85241-53-6
  • Physical Description: 354 s. ; 20 cm
  • Edition: 1. vyd.
  • Publisher: Praha : ISE, 1994

Content descriptions

General Note:
Vychází za přispění Edice základní vědecké literatury pro humanitní studium
Věcný a jmený rejstřík
Rejstřík citací z Platona
Bibliography, etc. Note:
Odkazy na lit.
Subject: filozofie dějin
Platón, 427-347 př.Kr.
dějiny
filozofie
antická filozofie
filozofie a politika
Genre: texty
monografie

Available copies

  • 2 of 2 copies available at Common Catalog SPOK.

Holds

  • 0 current holds with 2 total copies.
Show Only Available Copies
Location Call Number / Copy Notes Barcode Shelving Location Status Due Date
Jabok Library FL-3/Po 424480001085 Odborná literatura Available -
Jabok Library FL-3/Po 424480002598 Odborná literatura Available -

LDR 03324cam a22009257a 4500
0018758
003CZ-PrJAB
00520170410105231.0
007ta
008940915s1994 xr |||||r|||||||| ||cze|d
015 . ‡acnb000089088
020 . ‡a80-85241-53-6
035 . ‡a(CZ PrSKC)etf000099536
035 . ‡a(OCoLC)39600655
040 . ‡aABD027 ‡bcze ‡cABD027 ‡dABD027 ‡dABD005 ‡dABD008 ‡dABD064 ‡dABD107 ‡dABD067 ‡dABD103
080 . ‡a14
080 . ‡a316.6
080 . ‡a321
080 . ‡a930.1
1001 . ‡aPopper, Karl R. ‡q(Karl Raimund), ‡d1902-1994 ‡7jn19990006647 ‡4aut
24510. ‡aOtevřená společnost a její nepřátelé. ‡n1, ‡pUhranutí Platónem / ‡cK. R. Popper ; [z angl. orig. přel. Miloš Calda]
250 . ‡a1. vyd.
260 . ‡aPraha : ‡bISE, ‡c1994
300 . ‡a354 s. ; ‡c20 cm
500 . ‡aVychází za přispění Edice základní vědecké literatury pro humanitní studium
500 . ‡aVěcný a jmený rejstřík
500 . ‡aRejstřík citací z Platona
504 . ‡aOdkazy na lit.
520 . ‡aStudie dokazuje, že jednou z příčin zkázy společnosti je nekritické uctívání velkých osobností.
65007. ‡afilozofie dějin ‡2ctt
65007. ‡aPlatón, 427-347 př.Kr. ‡2ctt
65007. ‡adějiny ‡2czmesh
65007. ‡afilozofie ‡7ph114540 ‡2czenas
65007. ‡aantická filozofie ‡7ph118484 ‡2czenas
65007. ‡afilozofie a politika ‡7ph170437 ‡2czenas
655 7. ‡atexty ‡7fd133699 ‡2czenas
655 7. ‡amonografie ‡7fd132842 ‡2czenas
7001 . ‡aCalda, Miloš, ‡d1943- ‡7js20020513024 ‡4trl
7651 . ‡tOpen society and its enemies ‡9Česky
910 . ‡aABG312
901 . ‡a8758 ‡bUnknown ‡c8758 ‡tbiblio

Additional Resources